Normal view MARC view

Entry Geographic Name

Number of records used in: 2

001 - CONTROL NUMBER

  • control field: 55230

003 - CONTROL NUMBER IDENTIFIER

  • control field: dpl

005 - DATE AND TIME OF LATEST TRANSACTION

  • control field: 20130225122701.0

008 - FIXED-LENGTH DATA ELEMENTS

  • fixed length control field: 130225|||a|||||| | ||| d

040 ## - CATALOGING SOURCE

  • Original cataloging agency: dpl
  • Transcribing agency: dpl

151 ## - HEADING--GEOGRAPHIC NAME

  • Geographic name: India
  • General subdivision: Politics and government
  • Chronological subdivision: 20th century.

670 ## - SOURCE DATA FOUND

  • Source citation: Work cat.: (dpl)0: Lohia, Rammanohar. 55228, Collected works of Dr. Rammanohar Lohia /, 2011.

670 ## - SOURCE DATA FOUND

  • Source citation: Work cat.: (dpl)0: Lohia, Rammanohar. 55228, Collected works of Dr. Rammanohar Lohia /, 2011.

© Delhi Public Library
Hit Counter
free hit counter